000 00412nam a22001697a 4500
003 OSt
005 20220224141905.0
008 220224b |||||||| |||| 00| 0 eng d
020 _a0070064318
040 _cHU
082 _a693.834
100 _aJones S. Robert
_931562
245 _aNoise And Vibration Control In BuildingsNew York
260 _aNew York
_bNew York
300 _f427
942 _2ddc
_cBOOKS
_n0
999 _c31606
_d31606